An outline of neuropsychiatry for nurses and social workers, (Record no. 90370)

MARC details
000 -LEADER
fixed length control field 00790cam a22002291 4500
001 - CONTROL NUMBER
control field sg 44000101
003 - CONTROL NUMBER IDENTIFIER
control field DLC
005 - DATE AND TIME OF LATEST TRANSACTION
control field 20260227112742.0
008 - FIXED-LENGTH DATA ELEMENTS--GENERAL INFORMATION
fixed length control field 820128s1943 xx a 000 0 eng
010 ## - LIBRARY OF CONGRESS CONTROL NUMBER
LC control number sg 44000101
035 ## - SYSTEM CONTROL NUMBER
System control number (OCoLC)14745322
040 ## - CATALOGING SOURCE
Original cataloging agency DLC
Transcribing agency DNLM
Modifying agency DLC
042 ## - AUTHENTICATION CODE
Authentication code premarc
050 00 - LIBRARY OF CONGRESS CALL NUMBER
Classification number RC356
Item number .C68
060 0# - NATIONAL LIBRARY OF MEDICINE CALL NUMBER
Classification number WY 160
Item number C851o 1943
100 1# - MAIN ENTRY--PERSONAL NAME
Personal name Cottrell, Lillian,
Dates associated with a name 1902-
245 13 - TITLE STATEMENT
Title An outline of neuropsychiatry for nurses and social workers,
Statement of responsibility, etc. by Lillian Cottrell ... Nursing procedures contributed by Ilaine J. Larson ...
260 ## - PUBLICATION, DISTRIBUTION, ETC.
Place of publication, distribution, etc. [St. Louis, New York, etc.,
Name of publisher, distributor, etc. Planographed by John S. Swift co., inc.,
Date of publication, distribution, etc. c1943]
300 ## - PHYSICAL DESCRIPTION
Extent iii p., 160 numb. l., 161-172 p.
Other physical details ill.
504 ## - BIBLIOGRAPHY, ETC. NOTE
Bibliography, etc. note "Suggested readings": p. 161-164.
700 1# - ADDED ENTRY--PERSONAL NAME
Personal name Larson, Ilaine J.

No items available.

Powered by Koha